| 000 | 00719nam a22002297a 4500 | ||
|---|---|---|---|
| 999 |
_c186243 _d186243 |
||
| 005 | 20220218144024.0 | ||
| 010 | _aENG-131679 | ||
| 020 |
_a9788195267835 _c127.00 |
||
| 035 | _aEN-115211 | ||
| 037 | _bDBAD | ||
| 082 | _a658.45 | ||
| 100 | _aChoudary, G. Sridevi | ||
| 245 |
_aBusiness Communication/ _cG. Sridevi Choudhary et.al. |
||
| 260 |
_aHyderabad _bSunRaise International Publishers _c2021 |
||
| 270 |
_a# 326/C, III Floor, Surneni Nilayam Near B K Guda Park, S R Nagar _bHyderabad _e500038 |
||
| 300 |
_aviii, 136p. _c24cm(pbk) |
||
| 700 | _aSailaja, M. | ||
| 700 | _aNagaraju, P. | ||
| 700 | _aRao, E. Prabhakar | ||
| 700 | _aBabu, A. Srinivasa | ||
| 942 |
_2ddc _cEN _h658.45 _mCHO |
||